000 00606nam a2200205 i 4500
001 bgj
245 1 0 _aJahrbuch für Internationale Germanistik.
_nJahrgang 2 ; Heft 1 /
_chrsg. von Claude David [et al.] ; Geschäftsführender Herausgegeber Hans-Gert Roloff.
260 _aFrankfurt (M) :
_bAthenäum Verlag,
_c1970.
300 _a309 s. ;
_c23 cm.
504 _aIndeks.
650 9 _aJęzykoznawstwo
700 1 _aDAVID, Claude.
700 1 _aROLLOF, Hans-Gert.
040 _cBPK
041 0 _ager
044 _aDEU
080 _a81'1
942 _cKS
008 s gw f |000 0 ger
999 _c50396
_d50396